| 000 | 00716nam a2200205 i 4500 | ||
|---|---|---|---|
| 001 | 72260 | ||
| 003 | ES-MaACL | ||
| 005 | 20230906171359.0 | ||
| 007 | t| | ||
| 008 | 040830s1950 sp ||||1| spa d | ||
| 100 | 1 |
_aGiménez Caballero, Ernesto, _d1899-1988 _957038 |
|
| 245 | 1 | 3 |
_aLa Europa de Estrasburgo : _b(visión española del problema europeo) / _cErnesto Giménez Caballero. |
| 260 |
_aMadrid : _bInstituto de Estudios Políticos, _c1950. |
||
| 300 |
_a154 p. ; _c19 cm. |
||
| 610 | 2 | 4 |
_aConsejo de Europa. _93186 |
| 651 |
_aEuropa- _xPolítica y gobierno- _y1945-1989. _9141222 |
||
| 710 | 2 |
_aInstituto de Estudios Políticos (Madrid) _94924 |
|
| 852 |
_aES-MaACL _jD-5552 |
||
| 999 |
_c72260 _d72260 |
||